| 000 | 00355nam a2200133Ia 4500 | ||
|---|---|---|---|
| 008 | 220204s9999 xx 000 0 und d | ||
| 082 |
_a57+301 _bBRI |
||
| 100 | _aBRIERLEY, J K | ||
| 245 | 0 | _aBiology and the social crisis: A social biology for everyman. | |
| 260 |
_aLondon _bELBS _c1967 |
||
| 650 | _aHuman heredity | ||
| 650 | _aSociology | ||
| 942 | _cBK | ||
| 999 |
_c23623 _d23623 |
||